Le mystère des lords balzaciens (notice n° 1597465)

détails MARC
000 -LEADER
fixed length control field 01935cam a2200169 4500500
005 - DATE AND TIME OF LATEST TRANSACTION
control field 20251228074310.0
041 ## - LANGUAGE CODE
Language code of text/sound track or separate title fre
042 ## - AUTHENTICATION CODE
Authentication code dc
100 10 - MAIN ENTRY--PERSONAL NAME
Personal name Baron, Anne-Marie
Relator term author
245 00 - TITLE STATEMENT
Title Le mystère des lords balzaciens
260 ## - PUBLICATION, DISTRIBUTION, ETC.
Date of publication, distribution, etc. 2019.<br/>
500 ## - GENERAL NOTE
General note 58
520 ## - SUMMARY, ETC.
Summary, etc. De Lord R’hoone à Lord Grenville ou Lord Dudley, les lords balzaciens, qu’ils soient pseudonymes ou personnages, sont des êtres fictifs dont on a renoncé à chercher les modèles. Ce qui nous importe, c’est le rôle qu’ils jouent, leur fonction dans l’économie narrative et leur origine dans l’écriture de La Comédie humaine. Sont-ils des espèces sociales, des puissances politiques, des personnages allégoriques, des utilités narratives ou des images paternelles que le romancier débutant dénonce et dans lesquelles il se projette ? Entre génétique, stratégie romanesque, exploration des fantasmes et herméneutique romanesque, tel est le questionnement qui fait l’objet de cet article.
520 ## - SUMMARY, ETC.
Summary, etc. From Lord R’hoone to Lord Grenville or Lord Dudley, Balzac’s Lords, whether they are characters or pseudonyms of the author himself, are fictional beings whose actual models have not been identified. At the heart of this discussion is the role they play and their function in the narrative framework of La Comédie humaine , as well as their origins in Balzac’s writing. Are they social species, expressions of political power, allegorical characters, narrative devices or paternal figures that the young novelist exposes and onto which he projects himself? This article probes these questions by ranging over issues of literary genesis, narrative strategy, and an exploration of novelistic fantasies and hermeneutics.
786 0# - DATA SOURCE ENTRY
Note L'Année balzacienne | 20 | 1 | 2019-10-25 | p. 103-116 | 0084-6473
856 41 - ELECTRONIC LOCATION AND ACCESS
Uniform Resource Identifier <a href="https://shs.cairn.info/revue-l-annee-balzacienne-2019-1-page-103?lang=fr&redirect-ssocas=7080">https://shs.cairn.info/revue-l-annee-balzacienne-2019-1-page-103?lang=fr&redirect-ssocas=7080</a>

Pas d'exemplaire disponible.

PLUDOC

PLUDOC est la plateforme unique et centralisée de gestion des bibliothèques physiques et numériques de Guinée administré par le CEDUST. Elle est la plus grande base de données de ressources documentaires pour les Étudiants, Enseignants chercheurs et Chercheurs de Guinée.

Adresse

627 919 101/664 919 101

25 boulevard du commerce
Kaloum, Conakry, Guinée

Réseaux sociaux

Powered by Netsen Group @ 2025